01719nam a22001937a 4500999001500000003000600015005001700021008004100038020001800079040000800097082001600105100002900121245008200150260005100232300001200283505109200295942001501387952012301402 c9161d9161GBCCL20241126110706.0220419b ||||| |||| 00| 0 eng d a9780983971634 cgbc a270.82bLAR aJohnson, Larry G 915970 aEvangelical Winter :bRestoring New Testament Christianity /cLarry G Johnson aOklahoma :bAnvil House Publishers LLC ,c2016 a315p. ; aAmerican evangelicalism has been on a downward slide since the 1960s. It has progressively succumbed to the humanistic spirit of the world and as a result has made the narrow gate wide. Now, large segments of the American evangelical church no longer identify with the truth, passion, power, and other hallmarks of New Testament Christianity. The spirit of the world has captured the hearts and agenda of many evangelical churches. Accommodation and compromise are key elements used to sanitize and smooth the rough edges of an old-fashioned gospel flowing from a rugged, blood-stained cross that requires death to self. In this new church man's efforts have replaced the inerrant Word of God as its guiding light, but such has brought the chill of a wintry season which has settled over much of evangelicalism in America. Correction must be preceded by a truthful diagnosis of the church's spiritual sickness. Accurately diagnosed, the church must make necessary course corrections in the light of the unalterable pattern of New Testament Christianity. That is the purpose of this book. 2ddccBK04 00102ddc4070aGBCbGBCcCHd2022-04-19l4o270.82 LARp015494r2025-05-01 00:00:00s2023-10-27tc.1w2022-04-19yBK